000
00284nam a22001337a 4500
020
_a
978-0-552-15989-0
082
_a
823
_b
LEW/W
100
_a
LEVIEN,DAVID
245
_a
WHERE THE DEAD LAY
260
_a
LONDON
_b
CORGI BOOKS
300
_a
428
650
_a
NOVEL
_z
LONDON
942
_c
BK
999
_c
2439
_d
2439